Aplikácia počítačovej siete v informačnom systéme firmy bakalárska práca

Salvato in:
Dettagli Bibliografici
Autore principale: Závodná, Nikola
Ente Autore: Fakulta hospodárskej informatiky EU. Katedra aplikovanej informatiky
Altri autori: Závodný, Peter
Natura: Libro
Lingua:slovacco
Pubblicazione: Bratislava 2015
Tags: Aggiungi Tag
Nessun Tag, puoi essere il primo ad aggiungerne!!

MARC

LEADER 00000nbm a2200000 4500
001 0203637
005 20161212113842.8
041 0 |a slo 
044 |a SK 
245 1 0 |a Aplikácia počítačovej siete v informačnom systéme firmy  |b bakalárska práca  |c Nikola Závodná ; školiteľ: Peter Závodný 
264 1 |a Bratislava  |c 2015 
300 |a 48 s. 
100 1 |a Závodná, Nikola 
700 1 |a Závodný, Peter 
710 2 |a Fakulta hospodárskej informatiky EU. Katedra aplikovanej informatiky